Kraje należące do Osi podczas IIWŚ - Statystyki

Ogólne statystyki
  • Ten quiz został rozwiązany 65 razy
    38 od ostatniego zresetowania
  • Średni wynik to 7 z 9
Statystyki odpowiedzi
Hint Odpowiedź % Poprawnych
Od 1939 III Rzesza Niemiecka
100%
Od 1939 Włochy
100%
Od 1939 Japonia
94%
Od 1940 Węgry
90%
Od 1941 Bułgaria
77%
Od 1940 Rumunia
77%
Od 1940 Francja Vichy
74%
Od 1940 Słowacja
71%
Od 1941 Chorwacja
52%
Nie znaleziono quizów pasujących do podanych kryteriów
Rozkład punktacji
Procent ludzi z każdym wynikiem
Percentyl według liczby udzielonych odpowiedzi
Twoja historia wyników
Nie rozwiązałeś tego quizu od ostatniego zresetowania